Normal view
MARC view
Entry Topical Term
001 - CONTROL NUMBER
- control field: 23720
003 - CONTROL NUMBER IDENTIFIER
- control field: ARRUPE
005 - DATE AND TIME OF LATEST TRANSACTION
- control field: 20160412151904.0
008 - FIXED-LENGTH DATA ELEMENTS
- fixed length control field: 160412|| aca||aabn | a|a d
040 ## - CATALOGING SOURCE
- Original cataloging agency: ARRUPE
- Transcribing agency: ARRUPE
150 ## - HEADING--TOPICAL TERM
- Topical term or geographic name as entry element: International labor activities
- General subdivision: History.
670 ## - SOURCE DATA FOUND
- Source citation: Work cat.: (ARRUPE)0: Thomson, Don. 23719, Where were you, brother? :, c1978.